000 01027nas a2200289 4500
001 BR8401714
003 BR-BrBNA
005 20231205085851.0
007 ta
008 230509b bl.|||p| |||| 00| 00por d
040 _aBR-BrBNA
_bpor
_cBiblioteca Nacional de Agricultura
041 _a(Pt)
072 _aF60
100 1 _aLopes, N.F.
100 1 _aOliva, M.A.
100 1 _aMelges, E.
100 1 _aFurtado, M.H.
100 1 _aFreitas, J.G.
245 1 _aCrescimento, morfologia, particao de assimilados e producao de materia seca do feijao (Phaseolus vulgaris L.)submetido a tres niveis de densidade do fluxo radiante
246 1 _a[Growth, morphology and dry matter partition and production of bean (Phaseolus vulgaris L.)under three light flux density levels]
650 _aFEIJAO
650 _aCRESCIMENTO
650 _aMATERIA SECA
773 0 _tRevista Ceres (Brazil)
_xISSN 0034-737X
_g(Nov 1983), v. 30(172) p. 451-462
_wBR8401714
909 _a202311
_bLúcia
_c55
_dLúcia Elande
942 _2AGRIS
_n0
_cANA
999 _c114386
_d114386